[Event "Hamburg Easter op"]
[Site "Hamburg"]
[Date "2023.04.10"]
[Round "7"]
[White "Schmitzer, Klaus"]
[Black "Callsen, Niklas"]
[Result "1/2-1/2"]
[WhiteElo "2238"]
[BlackElo "2099"]
[PlyCount "152"]
[EventDate "2023.04.07"]
[EventType "swiss"]
[EventRounds "7"]
[EventCountry "GER"]
[SourceTitle "EXT 2024"]
[Source "ChessBase"]
[SourceDate "2023.10.10"]
[SourceVersion "1"]
[SourceVersionDate "2023.10.10"]
[SourceQuality "1"]

1. d4 Nf6 2. Bg5 d5 3. Nc3 Nbd7 4. e3 e6 5. Nf3 Be7 6. Bd3 c5 7. 0-0 0-0 8. Re1 h6 9. Bh4 a6 10. a4 Re8 11. h3 Qc7 12. Bg3 Bd6 13. Bxd6 Qxd6 14. a5 e5 15. Bf1 cxd4 16. exd4 e4 17. Nd2 Nf8 18. Na4 Bf5 19. Nc5 Re7 20. c4 Rd8 21. Ncb3 Ng6 22. c5 Qd7 23. Nc1 Nh7 24. Qb3 Be6 25. Qg3 Nf6 26. Be2 Qe8 27. Nf1 Nh7 28. Bh5 Nhf8 29. f4 exf3 30. Bxf3 Bf5 31. Na2 Ne6 32. Red1 Ng5 33. Nc3 Ne4 34. Bxe4 Bxe4 35. Ne3 f5 36. Nxe4 f4 37. Qg4 Rxe4 38. Nf5 Qe6 39. Nd6 Qxg4 40. hxg4 Re2 41. Nxb7 Rde8 42. Nd6 Rb8 43. Re1 Rd2 44. Rad1 Rdxb2 45. Re8+ Rxe8 46. Nxe8 Nh4 47. Rf1 Rxg2+ 48. Kh1 Re2 49. Nc7 f3 50. Nxd5 Kf7 51. c6 Rc2 52. Nb4 Rc4 53. Nxa6 Rxc6 54. Nc5 Rd6 55. a6 Rxd4 56. a7 Rd8 57. Nd7 Ra8 58. Ra1 f2 59. Nb6 Re8 60. a8Q Re1+ 61. Kh2 f1Q 62. Qd5+ Kg6 63. Rxe1 Nf3+ 64. Kg3 Qxe1+ 65. Kxf3 Qf1+ 66. Kg3 Qg1+ 67. Kh3 Qf1+ 68. Kg3 Qg1+ 69. Kf3 Qf1+ 70. Ke3 Qe1+ 71. Kf4 Qf2+ 72. Ke4 Qe2+ 73. Kf4 Qf2+ 74. Ke4 Qe2+ 75. Kf4 Qf2+ 76. Ke4 Qe2+ 1/2-1/2

[Event "Hamburg Easter op"]
[Site "Hamburg"]
[Date "2023.04.09"]
[Round "5"]
[White "Dorendorf, Mika"]
[Black "Callsen, Niklas"]
[Result "1/2-1/2"]
[WhiteElo "1717"]
[BlackElo "2099"]
[PlyCount "59"]
[EventDate "2023.04.07"]
[EventType "swiss"]
[EventRounds "7"]
[EventCountry "GER"]
[SourceTitle "EXT 2024"]
[Source "ChessBase"]
[SourceDate "2023.10.10"]
[SourceVersion "1"]
[SourceVersionDate "2023.10.10"]
[SourceQuality "1"]

1. d4 Nf6 2. c4 g6 3. Nc3 Bg7 4. e4 d6 5. Be2 0-0 6. h3 c5 7. d5 e6 8. Be3 a6 9. Nf3 b5 10. cxb5 exd5 11. exd5 axb5 12. Bxb5 Ne4 13. Nxe4 Qa5+ 14. Qd2 Qxb5 15. Nxd6 Qxb2 16. Rc1 Rxa2 17. 0-0 Ba6 18. Rfd1 Qb3 19. Qe1 Nd7 20. Rd2 Bb2 21. Rxb2 Qxb2 22. Bh6 Rb8 23. Nxf7 Qe2 24. N3e5 Nxe5 25. Nxe5 Re8 26. Qxe2 Rxe2 27. f4 c4 28. d6 Rd2 29. d7 Rxe5 30. fxe5 1/2-1/2

[Event "Hamburg Easter op"]
[Site "Hamburg"]
[Date "2023.04.08"]
[Round "3"]
[White "Parvanyan, Ashot"]
[Black "Callsen, Niklas"]
[Result "1-0"]
[WhiteElo "2429"]
[BlackElo "2099"]
[PlyCount "65"]
[EventDate "2023.04.07"]
[EventType "swiss"]
[EventRounds "7"]
[EventCountry "GER"]
[SourceTitle "EXT 2024"]
[Source "ChessBase"]
[SourceDate "2023.10.10"]
[SourceVersion "1"]
[SourceVersionDate "2023.10.10"]
[SourceQuality "1"]

1. Nf3 Nf6 2. g3 g6 3. Bg2 Bg7 4. 0-0 0-0 5. d4 d6 6. c4 Nc6 7. Nc3 e5 8. d5 Nb8 9. e4 a5 10. Ne1 Na6 11. Nd3 Nd7 12. Be3 f5 13. exf5 gxf5 14. f4 Nb6 15. Bxb6 cxb6 16. fxe5 dxe5 17. Rc1 Bd7 18. Qh5 Rc8 19. b3 Be8 20. Qe2 Qd6 21. g4 e4 22. Nf4 Nc5 23. gxf5 Rxf5 24. Nxe4 Nxe4 25. Qxe4 Re5 26. Qf3 Bd7 27. Bh3 Rf8 28. Bxd7 Qxd7 29. Qg2 Rf6 30. Kh1 Ref5 31. Ne6 Qf7 32. Rxf5 Rxf5 33. Rg1 1-0

[Event "Kiel op 34th"]
[Site "Kiel"]
[Date "2022.08.02"]
[Round "6"]
[White "Callsen, Niklas"]
[Black "Burbach, Brunel Baron"]
[Result "1/2-1/2"]
[WhiteElo "2107"]
[BlackElo "1820"]
[PlyCount "88"]
[EventDate "2022.07.30"]
[EventType "swiss"]
[EventRounds "9"]
[EventCountry "GER"]
[SourceTitle "CBM 209 Extra"]
[Source "ChessBase"]
[SourceDate "2022.09.30"]
[SourceVersion "1"]
[SourceVersionDate "2022.09.30"]
[SourceQuality "1"]

1. e4 c5 2. Nf3 e6 3. d4 cxd4 4. Nxd4 Nf6 5. Nc3 Nc6 6. Ndb5 Bc5 7. Bf4 0-0 8. Bc7 Qe7 9. Bd6 Bxd6 10. Qxd6 Ne8 11. Qxe7 Nxe7 12. 0-0-0 a6 13. Nd6 Nxd6 14. Rxd6 f5 15. g3 b5 16. Bg2 fxe4 17. Nxe4 Rb8 18. f4 Nf5 19. Rd3 d5 20. Nc5 b4 21. a4 Rb6 22. Re1 Rd8 23. Bh3 Rc6 24. Nb3 g6 25. g4 Ng7 26. Nd4 Rc4 27. b3 Rc7 28. g5 Re8 29. Rde3 Rf7 30. Rf3 e5 31. Bxc8 e4 32. Rf2 Rxc8 33. Rd1 a5 34. Nb5 Rc5 35. Rfd2 Rxf4 36. Rxd5 Rxd5 37. Rxd5 e3 38. Re5 Rf1+ 39. Kb2 Nf5 40. c4 Rf2+ 41. Kc1 Rf1+ 42. Kc2 Rf2+ 43. Kc1 Rf1+ 44. Kc2 Rf2+ 1/2-1/2

[Event "Blankenese op 3rd"]
[Site "Hamburg"]
[Date "2019.10.06"]
[Round "7"]
[White "Callsen, Niklas"]
[Black "Popvasilev, Kalojan"]
[Result "1/2-1/2"]
[WhiteElo "2102"]
[BlackElo "2070"]
[PlyCount "84"]
[EventDate "2019.10.03"]
[EventType "swiss"]
[EventRounds "7"]
[EventCountry "GER"]
[SourceTitle "EXT 2023"]
[Source "ChessBase"]
[SourceDate "2022.10.05"]
[SourceVersion "1"]
[SourceVersionDate "2022.10.05"]
[SourceQuality "1"]

1. e4 c5 2. Nf3 d6 3. d4 cxd4 4. Nxd4 Nf6 5. Nc3 Nc6 6. Bc4 e6 7. Be3 a6 8. Bb3 Qc7 9. f4 Na5 10. 0-0 b5 11. f5 e5 12. Nde2 Nc4 13. Bf2 Bb7 14. Ng3 Nxb2 15. Qf3 Rc8 16. Nd5 Bxd5 17. exd5 Be7 18. Nh5 0-0 19. Bh4 Qc3 20. Bxf6 Qxf3 21. Rxf3 Bxf6 22. Nxf6+ gxf6 23. a4 bxa4 24. Bxa4 Nxa4 25. Rxa4 Rxc2 26. Rg3+ Kh8 27. Rxa6 Rc1+ 28. Kf2 Rc2+ 29. Kg1 Rc1+ 30. Kf2 Rb8 31. Re3 Rc2+ 32. Re2 Rxe2+ 33. Kxe2 Rd8 34. Ra7 Kg7 35. Kf3 Rb8 36. Ra6 Rb3+ 37. Ke4 Rb4+ 38. Ke3 Rb3+ 39. Ke2 Rb2+ 40. Kf3 Rb3+ 41. Ke2 Rb2+ 42. Kf3 Rb3+ 1/2-1/2

[Event "Border op 9th"]
[Site "Niebuell,Leck,Tonder,Oster Ho"]
[Date "2019.05.13"]
[Round "9"]
[White "Kania, Lutz"]
[Black "Callsen, Niklas"]
[Result "0-1"]
[WhiteElo "1560"]
[BlackElo "1940"]
[PlyCount "82"]
[EventDate "2018.09.24"]
[EventType "swiss"]
[EventRounds "9"]
[EventCountry "DEN"]
[SourceTitle "EXT 2020"]
[Source "ChessBase"]
[SourceDate "2019.10.17"]
[SourceVersion "1"]
[SourceVersionDate "2019.10.17"]
[SourceQuality "1"]

1. c4 Nf6 2. g3 g6 3. Bg2 Bg7 4. Nc3 0-0 5. e4 c5 6. Nge2 Nc6 7. 0-0 d6 8. a3 Ne8 9. Rb1 a5 10. d3 Nc7 11. Be3 Ne6 12. Qd2 Ned4 13. Bxd4 Nxd4 14. Nxd4 Bxd4 15. Nb5 Bg7 16. f4 Bd7 17. Nc3 h5 18. f5 e6 19. fxg6 fxg6 20. Rxf8+ Qxf8 21. Rf1 Qe7 22. Ne2 b5 23. e5 Rf8 24. Rxf8+ Qxf8 25. exd6 Qxd6 26. cxb5 Bxb5 27. Be4 c4 28. d4 Bc6 29. Bxc6 Qxc6 30. Nf4 Qe4 31. Ne2 Kh7 32. h3 h4 33. Kh2 Qf3 34. gxh4 Qf2+ 35. Kh1 Bh6 36. Qd1 Qf3+ 37. Kh2 Bf4+ 38. Kg1 Be3+ 39. Kh2 Bf2 40. Qf1 a4 41. Qd1 Bg3+ 0-1

[Event "JBLN West 1819"]
[Site "Germany"]
[Date "2019.01.27"]
[Round "4.1"]
[White "Callsen, Niklas"]
[Black "Arndt, Magnus"]
[Result "1/2-1/2"]
[WhiteElo "1971"]
[BlackElo "2168"]
[PlyCount "100"]
[EventDate "2018.09.23"]
[EventType "team-tourn"]
[EventRounds "9"]
[EventCountry "GER"]
[SourceTitle "EXT 2020"]
[Source "ChessBase"]
[SourceDate "2019.10.17"]
[SourceVersion "1"]
[SourceVersionDate "2019.10.17"]
[SourceQuality "1"]
[WhiteTeam "Flensburg U20"]
[BlackTeam "Kiel Doppelbauer U20"]
[WhiteTeamCountry "GER"]
[BlackTeamCountry "GER"]

1. e4 e5 2. Nf3 Nc6 3. Bb5 a6 4. Ba4 d6 5. 0-0 Nge7 6. d4 Bd7 7. c3 g6 8. Bb3 h6 9. Be3 Bg7 10. Qd2 Na5 11. Na3 Nxb3 12. axb3 Bg4 13. Ne1 Be6 14. Nc4 g5 15. Nd3 Ng6 16. dxe5 dxe5 17. Nc5 Qxd2 18. Bxd2 Bc8 19. Ne3 Ne7 20. b4 b6 21. Nb3 Be6 22. c4 f5 23. exf5 Nxf5 24. Nxf5 Bxf5 25. c5 Be6 26. Ra3 e4 27. Bc3 Bxc3 28. bxc3 Bxb3 29. Rxb3 0-0-0 30. b5 axb5 31. Rxb5 Rd5 32. h4 Kb7 33. Re1 Re8 34. c4 Rxc5 35. Rxc5 bxc5 36. hxg5 hxg5 37. Re3 Kc6 38. f3 Kd6 39. Kf2 Re7 40. Rxe4 Rxe4 41. fxe4 Ke5 42. Kf3 Kd4 43. Kg4 Kxc4 44. e5 Kd5 45. Kf5 c4 46. e6 Kd6 47. Kf6 c3 48. e7 c2 49. e8Q c1Q 50. Qe5+ Kd7 1/2-1/2

[Event "JBLN West 1819"]
[Site "Germany"]
[Date "2018.12.02"]
[Round "3.1"]
[White "Knuedel, Torben"]
[Black "Callsen, Niklas"]
[Result "0-1"]
[WhiteElo "2103"]
[BlackElo "1971"]
[PlyCount "82"]
[EventDate "2018.09.23"]
[EventType "team-tourn"]
[EventRounds "9"]
[EventCountry "GER"]
[SourceTitle "EXT 2020"]
[Source "ChessBase"]
[SourceDate "2019.10.17"]
[SourceVersion "1"]
[SourceVersionDate "2019.10.17"]
[SourceQuality "1"]
[WhiteTeam "Uelzen Post U20"]
[BlackTeam "Flensburg U20"]
[WhiteTeamCountry "GER"]
[BlackTeamCountry "GER"]

1. e4 e5 2. Nf3 Nc6 3. Bb5 a6 4. Ba4 Nf6 5. 0-0 b5 6. Bb3 Bc5 7. c3 d6 8. d4 Bb6 9. h3 0-0 10. Re1 Bb7 11. a4 Re8 12. axb5 axb5 13. Rxa8 Qxa8 14. d5 Ne7 15. Bg5 Qa7 16. Qd2 Nd7 17. Na3 c6 18. dxc6 Bxc6 19. Bd5 Bxd5 20. exd5 Qb7 21. Bxe7 Rxe7 22. Nc2 Nf6 23. Nb4 Rc7 24. Ng5 Rc4 25. Qd3 Rf4 26. Re2 h6 27. g3 Rxb4 28. cxb4 hxg5 29. Rd2 Bd4 30. Rc2 g6 31. Rc6 Qa7 32. Rxd6 Kg7 33. Kg2 e4 34. Qc2 Qe7 35. Rc6 Nxd5 36. Qd2 Qe5 37. Rc1 e3 38. Qe2 Qf5 39. Rd1 exf2 40. g4 Nf4+ 41. Kf1 Qd5 0-1

[Event "Blankenese op 2nd"]
[Site "Hamburg"]
[Date "2018.09.30"]
[Round "4.8"]
[White "Andersen, Jens Knud"]
[Black "Callsen, Niklas"]
[Result "1-0"]
[WhiteElo "2160"]
[BlackElo "1940"]
[PlyCount "69"]
[EventDate "2018.09.29"]
[EventType "swiss"]
[EventRounds "7"]
[EventCountry "GER"]
[SourceTitle "EXT 2020"]
[Source "ChessBase"]
[SourceDate "2019.10.17"]
[SourceVersion "1"]
[SourceVersionDate "2019.10.17"]
[SourceQuality "1"]

1. Nf3 Nf6 2. c4 g6 3. Nc3 Bg7 4. e4 d6 5. d4 0-0 6. h3 e5 7. d5 a5 8. Bg5 h6 9. Be3 Na6 10. Be2 Nd7 11. g4 Ndc5 12. Nd2 Kh7 13. a3 Bd7 14. Qc2 a4 15. 0-0-0 c6 16. Kb1 Qa5 17. h4 Nc7 18. h5 g5 19. f3 Kh8 20. Bxc5 dxc5 21. Nf1 cxd5 22. cxd5 b5 23. Ka1 b4 24. Nb1 c4 25. Bxc4 Bb5 26. Ne3 Rfc8 27. Rc1 Qa6 28. Qd2 Bf8 29. axb4 Rab8 30. Na3 Bxc4 31. Rxc4 Qb6 32. Rc6 Qxb4 33. Qxb4 Bxb4 34. Nf5 Bf8 35. Rhc1 1-0

[Event "Blankenese op 2nd"]
[Site "Hamburg"]
[Date "2018.09.30"]
[Round "3.19"]
[White "Callsen, Niklas"]
[Black "Hackbarth, Bjoern"]
[Result "1-0"]
[WhiteElo "1940"]
[BlackElo "1801"]
[PlyCount "49"]
[EventDate "2018.09.29"]
[EventType "swiss"]
[EventRounds "7"]
[EventCountry "GER"]
[SourceTitle "EXT 2020"]
[Source "ChessBase"]
[SourceDate "2019.10.17"]
[SourceVersion "1"]
[SourceVersionDate "2019.10.17"]
[SourceQuality "1"]

1. d4 Nf6 2. c4 e6 3. Nc3 Bb4 4. f3 d5 5. a3 Bxc3+ 6. bxc3 b6 7. cxd5 exd5 8. e3 0-0 9. Bd3 c5 10. Ne2 Ba6 11. 0-0 c4 12. Bb1 Re8 13. Ng3 Bb7 14. Qe1 Qe7 15. a4 Nc6 16. e4 dxe4 17. fxe4 Na5 18. Bg5 Qc7 19. Bxf6 gxf6 20. Nh5 Re6 21. Nxf6+ Kh8 22. Qh4 Rxf6 23. Qxf6+ Kg8 24. e5 Qc6 25. Qxf7+ 1-0

[Event "Kiel op 31st"]
[Site "Kiel"]
[Date "2018.08.03"]
[Round "9"]
[White "Callsen, Niklas"]
[Black "Easwaralingam, Adesh"]
[Result "0-1"]
[WhiteElo "1705"]
[BlackElo "2168"]
[PlyCount "54"]
[EventDate "2018.07.28"]
[EventType "swiss"]
[EventRounds "9"]
[EventCountry "GER"]
[SourceTitle "CBM 185 Extra"]
[Source "ChessBase"]
[SourceDate "2018.07.29"]
[SourceVersion "1"]
[SourceVersionDate "2018.07.29"]
[SourceQuality "1"]

1. d4 Nf6 2. c4 e6 3. Nc3 Bb4 4. f3 c5 5. d5 b5 6. e4 0-0 7. Bd3 exd5 8. cxd5 c4 9. Bc2 Qb6 10. Nge2 Re8 11. Bg5 a5 12. Bxf6 Qxf6 13. 0-0 Ba6 14. Kh1 Bc5 15. f4 d6 16. Ng3 Nd7 17. Qg4 Qd8 18. Nh5 Bd4 19. e5 g6 20. Ne4 Kh8 21. Nxd6 Rf8 22. f5 Nxe5 23. Nxf7+ Rxf7 24. Qxd4 gxh5 25. Rae1 Qf6 26. Qxe5 Rd8 27. Qg3 Rxd5 0-1

[Event "Kiel op 31st"]
[Site "Kiel"]
[Date "2018.08.02"]
[Round "8"]
[White "Boyens, Birger"]
[Black "Callsen, Niklas"]
[Result "0-1"]
[WhiteElo "1935"]
[BlackElo "1705"]
[PlyCount "70"]
[EventDate "2018.07.28"]
[EventType "swiss"]
[EventRounds "9"]
[EventCountry "GER"]
[SourceTitle "CBM 185 Extra"]
[Source "ChessBase"]
[SourceDate "2018.07.29"]
[SourceVersion "1"]
[SourceVersionDate "2018.07.29"]
[SourceQuality "1"]

1. e4 c5 2. Nf3 e6 3. d4 cxd4 4. Nxd4 Nc6 5. Nc3 Qc7 6. Be3 a6 7. Qf3 Nf6 8. Qg3 Qxg3 9. hxg3 Ng4 10. Nxc6 Nxe3 11. Nd4 Nxf1 12. Kxf1 b6 13. g4 Bb7 14. Rh3 Bb4 15. Nde2 0-0 16. Rd1 Rad8 17. Rhd3 Bc6 18. a3 Be7 19. Nf4 d6 20. Nh5 Rd7 21. f4 Rfd8 22. Rh3 d5 23. e5 d4 24. Ne2 Ba4 25. Rd2 a5 26. Nc1 Rc7 27. Nb3 d3 28. Rhxd3 Rxd3 29. Rxd3 Bb5 30. Ke2 Rxc2+ 31. Nd2 Rxb2 32. a4 Ba6 33. Ng3 f6 34. f5 exf5 35. Nxf5 Bb4 0-1

[Event "Kiel op 31st"]
[Site "Kiel"]
[Date "2018.07.31"]
[Round "6"]
[White "Svane, Henrik"]
[Black "Callsen, Niklas"]
[Result "1/2-1/2"]
[WhiteElo "2081"]
[BlackElo "1705"]
[PlyCount "54"]
[EventDate "2018.07.28"]
[EventType "swiss"]
[EventRounds "9"]
[EventCountry "GER"]
[SourceTitle "CBM 185 Extra"]
[Source "ChessBase"]
[SourceDate "2018.07.29"]
[SourceVersion "1"]
[SourceVersionDate "2018.07.29"]
[SourceQuality "1"]

1. d4 Nf6 2. c4 e6 3. Nc3 Bb4 4. f3 d5 5. a3 Bxc3+ 6. bxc3 c5 7. cxd5 Nxd5 8. dxc5 Qa5 9. e4 Nf6 10. Be3 0-0 11. Qb3 Nfd7 12. Qb4 Qc7 13. Bb5 Na6 14. Bxa6 bxa6 15. Nh3 a5 16. Qc4 Qc6 17. Kf2 Ba6 18. Qd4 Rfc8 19. Rhd1 Nxc5 20. Qxc5 Qxc5 21. Bxc5 Rxc5 22. Rac1 h6 23. Nf4 Rac8 24. Rd7 Rxc3 25. Rxc3 Rxc3 26. Rxa7 Rc2+ 27. Ke3 Bf1 1/2-1/2

[Event "Kiel op 31st"]
[Site "Kiel"]
[Date "2018.07.29"]
[Round "4"]
[White "Wunder, Niklas"]
[Black "Callsen, Niklas"]
[Result "1-0"]
[WhiteElo "2099"]
[BlackElo "1705"]
[PlyCount "65"]
[EventDate "2018.07.28"]
[EventType "swiss"]
[EventRounds "9"]
[EventCountry "GER"]
[SourceTitle "CBM 185 Extra"]
[Source "ChessBase"]
[SourceDate "2018.07.29"]
[SourceVersion "1"]
[SourceVersionDate "2018.07.29"]
[SourceQuality "1"]

1. Nf3 d5 2. e3 Nf6 3. c4 c6 4. b3 e6 5. Be2 Bd6 6. Bb2 0-0 7. Rg1 Nbd7 8. g4 e5 9. Nc3 d4 10. exd4 exd4 11. Nxd4 Ne5 12. h3 Re8 13. Kf1 Ba3 14. Nxc6 Nxc6 15. Bxa3 Nd4 16. Bc5 Nh5 17. Bxd4 Qxd4 18. gxh5 Bxh3+ 19. Ke1 Bg4 20. Rg3 Re5 21. Kf1 Rxe2 22. Nxe2 Qe4 23. Rxg4 Qxg4 24. Ng3 Qd4 25. Rc1 f5 26. Qf3 f4 27. Ne2 Qxd2 28. Qd5+ Qxd5 29. cxd5 f3 30. Ng1 Rf8 31. Rd1 g5 32. hxg6 hxg6 33. d6 1-0